| 000 | 00691nam a2200193Ia 4500 | ||
|---|---|---|---|
| 001 | 3201 | ||
| 003 | GE_BSU | ||
| 008 | 181216s||||||||xx |||||||||||||| ||und|| | ||
| 040 | _cGE_BSU | ||
| 080 | _a91(030)=161.1 | ||
| 245 | _aКраткая географическая энциклопедия. Энциклопедии,словари,справочники. Т. 3. Милос-Союз ССР. | ||
| 245 | _cГл.РЕд. А.А.Григорьев. | ||
| 260 | _aМ. | ||
| 260 | _bСоветская энциклопедия. | ||
| 260 | _c1962. | ||
| 300 | _a580стр. с илл. 26см. | ||
| 653 | _aКраткая географическая энциклопедия. | ||
| 942 | _cBK | ||
| 999 |
_c37242 _d37242 |
||